Werder Bremen Spieler 2006-2025 - Statistiken

Allgemein
  • Dieses Quiz wurde 97 mal gespielt
    84 seit der letzten Aktualisierung
  • Das Durchschnittsergebnis liegt bei 87 aus 247
Antwortstatistiken
Nation Debütsaison Name % Korrekt
Österreich 17/18 Marco Friedl
93%
Deutschland 11/12 Niclas Füllkrug
87%
Peru/Italien 99/00 Claudio Pizarro
85%
Deutschland 21/22 Marvin Ducksch
85%
Nigeria/Deutschland 20/21 Felix Agu
83%
Brasilien/Deutschland 05/06 Naldo
83%
Deutschland 22/23 Niklas Stark
83%
Deutschland 05/06 Tim Wiese
83%
Nigeria 25/26 Victor Boniface
83%
Tschechien 17/18 Jiri Pavlenka
80%
Österreich 18/19 Romano Schmid
80%
Deutschland 96/97 Torsten Frings
80%
Brasilien/Italien 06/07 Diego
78%
Dänemark 22/23 Jens Stage
78%
Deutschland/Japan 21/22 Mio Backhaus
78%
Deutschland 06/07 Per Mertesacker
78%
Deutschland 09/10 Dominik Schmidt
76%
Schweiz/Nigeria 25/26 Isaac Schmidt
76%
Deutschland/Brasilien 19/20 Leonardo Bittencourt
76%
Deutschland 16/17 Niklas Schmidt
76%
Belgien 23/24 Senne Lynen
76%
Japan 18/19 Yuya Osako
76%
Deutschland 22/23 Amos Pieper
74%
Portugal 06/07 Hugo Almeida
74%
Deutschland 14/15 Michael Zetterer
74%
Kosovo/Albanien 17/18 Milot Rashica
74%
Deutschland/Algerien 22/23 Mitchell Weiser
74%
Belgien 23/24 Olivier Deman
74%
Türkei/Deutschland 19/20 Ömer Toprak
74%
Belgien 12/13 Kevin De Bruyne
72%
Deutschland 16/17 Johannes Eggestein
70%
Schweden 17/18 Ludwig Augustinsson
70%
Schweden 06/07 Markus Rosenberg
70%
Deutschland 14/15 Maximilian Eggestein
70%
Deutschland 04/05 Miroslav Klose
70%
Dänemark/USA 16/17 Thomas Delaney
70%
Deutschland/England 04/05 Aaron Hunt
69%
USA 18/19 Josh Sargent
69%
Deutschland 24/25 Keke Topp
69%
Deutschland 07/08 Mesut Özil
69%
Schottland 22/23 Oliver Burke
69%
Belgien/DR Kongo 25/26 Samuel Mbangula
69%
Österreich 11/12 Zlatko Junuzovic
69%
Deutschland 06/07 Clemens Fritz
67%
Österreich/Serbien 10/11 Marko Arnautovic
67%
Deutschland 07/08 Max Kruse
67%
Deutschland/Elfenbeinküste 16/17 Serge Gnabry
67%
Frankreich/Angola 23/24 Skelly Alvero
67%
Spanien 25/26 Cameron Puertas
65%
Deutschland 09/10 Felix Wiedwald
65%
Deutschland/Nigeria 23/24 Justin Njinmah
65%
Deutschland/Elfenbeinküste 24/25 Karim Coulibaly
65%
Österreich 25/26 Maximilian Wöber
65%
Tschechien/Äthiopien 12/13 Theodor Gebre Selassie
65%
Deutschland/Polen 00/01 Tim Borowski
65%
Japan 25/26 Yukinari Sugawara
65%
Niederlande 18/19 Davy Klaassen
63%
Deutschland 99/00 Frank Baumann
63%
Estland 25/26 Karl Hein
63%
Finnland 16/17 Niklas Moisander
61%
Finnland 04/05 Petri Pasanen
61%
Kroatien 01/02 Ivan Klasnić
59%
Österreich 24/25 Marco Grüll
59%
Türkei/Deutschland 18/19 Nuri Şahin
59%
Griechenland 11/12 Sokratis Papastathopoulos
57%
Deutschland/Serbien 09/10 Marko Marin
56%
Serbien/Schweiz 15/16 Milos Veljkovic
56%
Deutschland 13/14 Davie Selke
54%
Argentinien/Italien 13/14 Franco Di Santo
54%
Argentinien 23/24 Julián Malatini
54%
Ägypten/Deutschland 04/05 Mohamed Zidan
54%
Guinea 23/24 Naby Keïta
54%
Argentinien/Spanien 13/14 Santiago García
54%
Polen/Deutschland 07/08 Sebastian Boenisch
54%
Schweiz/Kap Verde 15/16 Ulisses Garcia
54%
Deutschland 19/20 Christian Groß
52%
Bulgarien/Deutschland 19/20 Ilia Gruev
52%
Dänemark/Deutschland 14/15 Jannik Vestergaard
52%
Italien 13/14 Luca Caldirola
52%
Spanien 14/15 Alejandro Gálvez
50%
Deutschland/Russland 11/12 Andreas Wolf
50%
Nigeria/Deutschland 15/16 Anthony Ujah
50%
Elfenbeinküste 07/08 Boubacar Sanogo
50%
Österreich/Deutschland 06/07 Martin Harnik
50%
Türkei/Deutschland 11/12 Mehmet Ekici
50%
Deutschland 20/21 Nick Woltemade
50%
Senegal 15/16 Papy Djilobodji
50%
Kolumbien 23/24 Rafael Borré
50%
Deutschland 12/13 Raphael Wolf
50%
Deutschland 03/04 Andreas Reinke
48%
Deutschland/Spanien 21/22 Anthony Jung
48%
Deutschland 05/06 Christian Vander
48%
Algerien/Frankreich 17/18 Ishak Belfodil
48%
Kroatien/Deutschland 24/25 Patrice Čović
48%
Kamerun 06/07 Pierre Womé
48%
USA/Island 15/16 Aron Jóhannsson
46%
Dänemark 04/05 Daniel Jensen
46%
Türkei/Deutschland 20/21 Eren Dinkçi
46%
Kroatien 05/06 Jurica Vranjes
46%
Dänemark 05/06 Kasper Jensen
46%
Senegal/Frankreich 16/17 Lamine Sané
46%
Deutschland 12/13 Nils Petersen
46%
Brasilien 10/11 Wesley
46%
Brasilien 07/08 Carlos Alberto
44%
Frankreich 10/11 Mikaël Silvestre
44%
Niederlande/Suriname 12/13 Eljero Elia
43%
Deutschland 08/09 Philipp Bargfrede
43%
Österreich 08/09 Sebastian Prödl
43%
Niederlande/Curacao 20/21 Tahith Chong
43%
Portugal 24/25 André Silva
41%
DR Kongo/Deutschland 12/13 Assani Lukimya
41%
Österreich 16/17 Florian Kainz
41%
Tschechien 16/17 Jaroslav Drobný
41%
Deutschland/Kamerun 18/19 Jean Manuel Mbom
41%
England 22/23 Lee Buchanan
41%
Polen 23/24 Dawid Kownacki
37%
Deutschland 10/11 Felix Kroos
35%
Deutschland 14/15 Fin Bartels
35%
Bosnien und Herzegowina/Schweiz 14/15 Izet Hajrović
35%
Deutschland 09/10 Sandro Wagner
35%
Griechenland 08/09 Alexandros Tziolis
33%
Österreich 15/16 Florian Grillitsch
33%
Gambia 16/17 Ousman Manneh
33%
Deutschland/Nigeria 05/06 Patrick Owomoyela
33%
Deutschland/England 13/14 Melvyn Lorenzen
31%
Deutschland/Ghana 24/25 Derrick Köhn
30%
Kolumbien 05/06 John Jairo Mosquera
30%
Deutschland 19/20 Kevin Vogt
30%
Deutschland 02/03 Christian Schulz
28%
Polen/Frankreich 13/14 Ludovic Obraniak
28%
Deutschland 07/08 Sebastian Mielitz
28%
Norwegen 23/24 Isak Hansen-Aarøen
26%
Burkina Faso 24/25 Issa Kaboré
26%
Deutschland 24/25 Markus Kolke
26%
Deutschland 14/15 Levin Öztunali
24%
Deutschland 24/25 Mick Schmetgens
24%
Schweden/Bosnien und Herzegowina 10/11 Denni Avdic
22%
Deutschland 06/07 Kevin Schindler
22%
China 17/18 Yuning Zhang
22%
Deutschland/Serbien 11/12 Aleksandar Stevanovic
20%
Deutschland 14/15 Janek Sternberg
20%
Deutschland 18/19 Jan-Niklas Beste
20%
Nigeria/Belgien 12/13 Joseph Akpala
20%
Südkorea 21/22 Kyu-hyun Park
20%
Türkei/Deutschland 12/13 Levent Ayçiçek
20%
Schweiz 19/20 Michael Lang
20%
Deutschland 21/22 Nicolai Rapp
20%
Deutschland 06/07 Peter Niemeyer
20%
Serbien 10/11 Predrag Stevanovic
20%
Deutschland/Ghana 25/26 Salim Musah
20%
Tunesien 09/10 Aymen Abdennour
19%
DR Kongo/Deutschland 13/14 Cédric Makiadi
19%
Ungarn 15/16 László Kleinheisler
19%
Bolivien/Brasilien 09/10 Marcelo Moreno
19%
Deutschland/Kasachstan 16/17 Robert Bauer
19%
Deutschland 11/12 Tom Trybull
19%
Deutschland/Nigeria 24/25 Wesley Adeh
19%
Schweiz 11/12 François Affolter
17%
Deutschland 18/19 Kevin Möhwald
17%
Deutschland 10/11 Lennart Thy
17%
Deutschland 11/12 Lukas Schmitz
17%
Togo/Deutschland 22/23 Dikeni Salifou
15%
Belgien 14/15 Koen Casteels
15%
Österreich 12/13 Richard Strebinger
15%
Mali/Frankreich 15/16 Sambou Yatabaré
15%
Griechenland 18/19 Stefanos Kapino
15%
Griechenland/Deutschland 16/17 Thanos Petsos
15%
Deutschland 19/20 David Philipp
13%
Serbien 07/08 Dusko Tosic
13%
Senegal/Frankreich 16/17 Fallou Diagne
13%
Deutschland 16/17 Justin Eilers
13%
Dänemark 05/06 Leon Andreasen
13%
Deutschland 22/23 Maximilian Philipp
13%
Bulgarien 25/26 Stefan Smarkalev
13%
Italien/Deutschland 21/22 Fabio Chiarodia
11%
Elfenbeinküste 21/22 Roger Assalé
11%
Deutschland 17/18 Sebastian Langkamp
11%
Deutschland 10/11 Florian Trinks
9%
Deutschland 04/05 Frank Fahrenhorst
9%
Deutschland 22/23 Leon Opitz
9%
Deutschland 14/15 Marnon Busch
9%
Kroatien 12/13 Mateo Pavlovic
9%
Deutschland/Bosnien und Herzegowina 14/15 Raif Husic
9%
Schweden 18/19 Felix Beijmo
7%
Deutschland 11/12 Florian Hartherz
7%
Deutschland 17/18 Jérôme Gondorf
7%
Niederlande 17/18 Jesper Verlaat
7%
Nigeria/Deutschland 10/11 Leon Balogun
7%
Deutschland 17/18 Luca Plogmann
7%
Deutschland 21/22 Lukas Mai
7%
Türkei/Deutschland 09/10 Onur Ayik
7%
Deutschland/Türkei 11/12 Özkan Yildirim
7%
Italien 19/20 Simon Straudi
7%
Deutschland 08/09 Torsten Oehrl
7%
Serbien/Deutschland 11/12 Aleksandar Ignjovski
6%
Deutschland/Kamerun 08/09 José-Alex Ikeng
6%
Gambia/Deutschland 15/16 Leon Guwara
6%
Deutschland 19/20 Luc Ihorst
6%
Deutschland/Polen 13/14 Martin Kobylanski
6%
Deutschland/Serbien 21/22 Dejan Galjen
4%
Deutschland/Brasilien 20/21 Dudu
4%
Deutschland 07/08 Frank Löning
4%
Deutschland/Algerien 05/06 Jérôme Polenz
4%
USA/Nigeria 23/24 Joel Imasuen
4%
Deutschland 21/22 Kebba Badjie
4%
Deutschland 06/07 Kevin Artmann
4%
Deutschland 13/14 Luca Zander
4%
Deutschland/Polen 24/25 Maik Lukowicz
4%
Ungarn 08/09 Márkó Futács
4%
Deutschland 07/08 Nico Pellatz
4%
Deutschland/Norwegen 08/09 Niklas Andersen
4%
Deutschland 20/21 Oscar Schönfelder
4%
Deutschland 09/10 Pascal Testroet
4%
Deutschland/Angola 21/22 Abdenego Nankishi
2%
Portugal/Frankreich 06/07 Amaury Bischoff
2%
Deutschland 19/20 Benjamin Goller
2%
Deutschland 12/13 Cimo Röcker
2%
Deutschland 11/12 Clemens Schoppenhauer
2%
Deutschland 21/22 Dominik Becker
2%
Deutschland 15/16 Gerhard Tremmel
2%
Deutschland 23/24 Jakob Löpping
2%
Deutschland 13/14 Julian von Haacke
2%
Japan 23/24 Kein Sato
2%
Deutschland 14/15 Oliver Hüsing
2%
Deutschland 20/21 Patrick Erras
2%
Bosnien und Herzegowina 08/09 Said Husejinovic
2%
Brasilien 10/11 Samuel Jesus
2%
Deutschland 22/23 Tom Berger
2%
Deutschland 07/08 Alexander Hessel
0%
Deutschland 15/16 Eric Oelschlägel
0%
Frankreich 08/09 Fabrice Begeorgi
0%
Deutschland 04/05 Florian Mohr
0%
Deutschland 12/13 Johannes Wurtz
0%
Deutschland 19/20 Julian Rieckmann
0%
Deutschland 22/23 Louis Lord
0%
Deutschland 14/15 Lukas Fröde
0%
Deutschland 15/16 Marcel Hilßner
0%
Deutschland 12/13 Max Wegner
0%
Deutschland 19/20 Niklas Wiemann
0%
Deutschland 07/08 Norman Theuerkauf
0%
Deutschland 17/18 Ole Käuper
0%
Deutschland 06/07 Sebastian Schachten
0%
Griechenland 23/24 Spyros Angelidis
0%
Deutschland 17/18 Thore Jacobsen
0%
Deutschland 22/23 Tim-Justin Dietrich
0%
Deutschland 08/09 Timo Perthel
0%
Deutschland 13/14 Torben Rehfeldt
0%
Keine übereinstimmenden Quizze gefunden
Verteilung der Resultate
Anzahl Personen mit jedem Resultat
Perzentil nach korrekt beantworteten Fragen
Ihre Resultats-Entwicklung
Sie haben dieses Quiz seit der letzten Aktualisierung nicht gespielt